000 00551nam a2200181Ia 4500
003 GCL
008 140319s9999 xx 000 0 ara d
040 _aGCL /
_cGCL
082 0 4 _a301.418
_bر م
100 1 _aراجى عنايت
245 1 0 _aالمناورات الخفية فى حياتناالعائليه والجنسية والعمليه /
_cراجى عنايت
300 _a277 ص
490 _a100 قصة
_v0
650 0 4 _aعلم النفس
650 0 4 _aالعلاقات الانسانية
650 0 4 _aالشعور
942 _2ddc
_cBK
999 _c46419
_d46419